|
|
|
|
| LEADER |
01227nam a2200277 a 4500 |
| 001 |
3049984 |
| 008 |
100118s1991 th b 100 0 eng d |
| 010 |
|
|
|a 95945217
|
| 020 |
|
|
|a 9748874087
|
| 040 |
|
|
|a DLC
|c DLC
|d DB-DhAAL
|
| 082 |
0 |
0 |
|a 333.7/0954
|2 20
|
| 245 |
0 |
0 |
|a Environment and development :
|b a sub-regional perspective : proceedings of a workshop organised by ADAB, Bangladesh, ANODEP-Asia, and ACFOD, Bangkok, 1991.
|
| 246 |
1 |
4 |
|a Plant trees for shade, preserve water for life
|
| 260 |
|
|
|a Bangkok :
|b Asian Cultural Forum on Development,
|c 1991.
|
| 300 |
|
|
|a 117 p. ;
|c 22 cm.
|
| 504 |
|
|
|a Includes bibliographical references.
|
| 541 |
1 |
|
|e 00004839
|
| 650 |
|
0 |
|a Sustainable development
|
| 650 |
|
0 |
|a Economic development
|x Environmental aspects
|z South Asia.
|
| 651 |
|
0 |
|a South Asia
|x Environmental conditions.
|
| 710 |
2 |
|
|a Association of Development Agencies in Bangladesh.
|
| 710 |
2 |
|
|a INODEP-Asia.
|
| 710 |
2 |
|
|a Asian Cultural Forum on Development.
|
| 852 |
4 |
|
|a Ayesha Abed Library
|j General Shelf.
|
| 999 |
|
|
|c 7072
|d 7072
|
| 952 |
|
|
|0 0
|1 0
|2 ddc
|4 0
|6 333_709540000000000_ENV_1991
|7 0
|9 7344
|a BRACUL
|b BRACUL
|c GEN
|d 2010-01-21
|g 0.00
|l 0
|o 333.70954 ENV
|p 3010004839
|r 2010-01-21
|t 1
|w 2010-01-21
|y BK
|z Not price in Register
|